Odstránenie prekážok vo využívaní rizikového kapitálu slovenskými malými a strednými podnikmi
Identifikácia prekážok vo využívaní rizikového kapitálu na financovanie dlhodobých potrieb slovenských malých a stredných podnikov. Odstraňovanie prekážok použitia rizikového kapitálu malými a strednými podnikmi - podpora spolupráce v sieťach, implementácia technologických inkubátorov a informačná k...
Salvato in:
| Autore principale: | |
|---|---|
| Altri autori: | |
| Natura: | Capitolo di libro |
| Lingua: | inglese |
| Soggetti: | |
| Tags: |
Nessun Tag, puoi essere il primo ad aggiungerne!!
|
MARC
| LEADER | 00000naa a2200000 4500 | ||
|---|---|---|---|
| 001 | 0141821 | ||
| 005 | 20231204131915.0 | ||
| 041 | 0 | |a eng | |
| 044 | |a SK | ||
| 245 | 1 | 0 | |a Odstránenie prekážok vo využívaní rizikového kapitálu slovenskými malými a strednými podnikmi |c Viera Marková, Petra Balcová |
| 520 | |a Identifikácia prekážok vo využívaní rizikového kapitálu na financovanie dlhodobých potrieb slovenských malých a stredných podnikov. Odstraňovanie prekážok použitia rizikového kapitálu malými a strednými podnikmi - podpora spolupráce v sieťach, implementácia technologických inkubátorov a informačná kampaň. | ||
| 610 | 2 | 0 | |a kapitál rizikový |
| 610 | 2 | 0 | |a podnik malý |
| 610 | 2 | 0 | |a podnik stredný |
| 610 | 2 | 0 | |a ponuka |
| 610 | 2 | 0 | |a dopyt |
| 610 | 2 | 0 | |a Slovensko |
| 100 | 1 | |a Marková, Viera | |
| 700 | 1 | |a Balcová, Petra | |